|
|
|
|
| LEADER |
00000nam0a2200000 4500 |
| 001 |
312755 |
| 005 |
20231102002521.0 |
| 035 |
|
|
|a (RuTPU)RU\TPU\book\338125
|
| 090 |
|
|
|a 312755
|
| 100 |
|
|
|a 20151228d1956 k y0rusy50 ca
|
| 101 |
1 |
|
|a rus
|c eng
|
| 102 |
|
|
|a RU
|
| 105 |
|
|
|a a z 001zy
|
| 200 |
1 |
|
|a Телевидение. Вопросы электроники в передаче цветного и монохромного изображений
|e [монография]
|e пер. с англ.
|f В. К. Зворыкин, Д. А. Мортон
|g под ред. С. И. Катаева
|
| 210 |
|
|
|a Москва
|c Изд-во иностранной литературы
|d 1956
|
| 215 |
|
|
|a 780 с.
|c ил.
|
| 320 |
|
|
|a Библиогр.: с. 753-770
|
| 320 |
|
|
|a Предметный указатель: с. 772-779
|
| 606 |
1 |
|
|a Телевидение
|2 stltpush
|3 (RuTPU)RU\TPU\subj\72657
|9 86077
|
| 610 |
1 |
|
|a электронные приборы
|
| 610 |
1 |
|
|a телевизионная аппаратура
|
| 610 |
1 |
|
|a физические явления
|
| 610 |
1 |
|
|a электронная оптика
|
| 610 |
1 |
|
|a электронно-оптические системы
|
| 610 |
1 |
|
|a люминесценция
|
| 610 |
1 |
|
|a изображения
|
| 610 |
1 |
|
|a передача
|
| 610 |
1 |
|
|a воспроизведение
|
| 610 |
1 |
|
|a цветное телевидение
|
| 610 |
1 |
|
|a промышленное телевидение
|
| 610 |
1 |
|
|a телевизионные системы
|
| 675 |
|
|
|a 621.397.13
|v 4
|
| 700 |
|
1 |
|a Зворыкин
|b В. К.
|
| 701 |
|
1 |
|a Мортон
|b Д. А.
|
| 702 |
|
1 |
|a Катаев
|b С. И.
|4 340
|
| 801 |
|
1 |
|a RU
|b 63413507
|c 20151228
|
| 801 |
|
2 |
|a RU
|b 63413507
|c 20171023
|g RCR
|
| 942 |
|
|
|c BK
|